000 00993cem a2200301 4500
999 _c10231
_d10231
001 10231
003 BD-JhCC
005 20180421180355.0
008 180421s19751968enk e eng
020 _a027600079X :
_c£5.95
035 _a(BD-JhCC)10231
040 _aDLC
_cDLC
_dDLC
_dBD-JhCC
041 _aeng
050 0 0 _aG1019
_b.R555 1975
082 0 0 _a912
_bREA 1975
110 2 _aReader's Digest Association (Great Britain)
245 1 4 _aThe Reader's digest great world atlas /
_c[prepared by the Reader's Digest Association].
250 _a2nd ed., 5th revise[d].
260 _aLondon [etc.] :
_bReader's Digest Association,
_c1975.
300 _a180 p. :
_bill. (chiefly col.), chiefly col. maps ;
_c40 cm.
500 _a"Planned under the direction of the late Frank Debenham."
650 0 _aAtlases
_zGreat Britain.
655 7 _aWorld atlases.
_2lcgft
700 1 _aDebenham, Frank,
_d1883-1965.
740 0 _aGreat world atlas.
942 _2ddc
_cREF